000 01264nac a22003131i 4500
003 EG-ScBUE
005 20260330094442.0
008 260315s1996 enka f b 001 0 eng d
020 _a0521495865 (hc)
020 _a9780521495868
040 _aEG-ScBUE
_beng
_erda
_cEG-ScBUE
_dEG-ScBUE
082 0 4 _a589.2045222
_bBRI
_222
110 2 _aBritish Mycological Society.
_bSymposium
_d(1994 :
_cCranfield University)
245 1 0 _aFungi and environmental change :
_bSymposium of the British Mycological Society, held at Cranfield University, March 1994 /
_cedited by J. C. Frankland, N. Magan & G. M. Gadd.
250 _aFirst edition.
264 1 _aCambridge :
_bCambridge University Press,
_c1996.
300 _axvi, 351 pages :
_billustrations ;
_c24 cm
336 _2rdacontent
_atext
_btxt
337 _aunmediated
_2rdamedia
_bn
338 _avolume
_bnc
_2rdacarrier
500 _aPublished for the British Mycological Society [by] Cambridge University Press.
504 _aIncludes bibliographical references and indexes.
650 7 _aFungi
_xEcophysiology
_xCongresses.
_2BUEsh
655 _vReading book
700 1 _aFrankland, Juliet C.,
_eeditor.
700 1 _aMagan, N.
_q(Naresh),
_eeditor.
700 1 _aGadd, Geoffrey M.,
_eeditor.
942 _cBB
_2ddc
999 _c5518
_d5518